000 00690nam a2200289Ia 4500
008 161109s9999||||xx |||||||||||||| ||und||
040 _cSanskrit - Hindi
082 _aV / Haridas
082 _bBORI-81415
100 _aP.Hariprashad Sharma
245 _aNitya Sava Vidhi
260 _aMathura
260 _bMadan Mohan
300 _a38
300 _cA
300 _ePaperback
530 _b"Bahirat , B.P"
530 _u000081415.Pdf
563 _aStudy
600 _aP.Hariprashad Sharma
630 _aNitya Sava Vidhi
650 _aDharmashastra
650 _aDharmashastra
700 _aP.Hariprashad Sharma
730 _aNitya Sava Vidhi
942 _cBOOK
999 _c1406096
_d1406093